000 00343 a2200157 4500
001 58424
020 _a8573022019
040 _cAnchieta - Pituba
100 _aCoelho, Paulo
240 1 0 _aVeronika decide morrer
_lpor
245 1 0 _aVeronika decide morrer
300 _a240
362 0 _a1998
650 4 _aFicção brasileira
942 _cBK
999 _c58424
_d58424